[Event "San Francisco TNM Fall op"]
[Site "San Francisco"]
[Date "2017.12.05"]
[Round "7"]
[White "Wong, Russell"]
[Black "Sarafian, Greg M"]
[Result "0-1"]
[WhiteElo "2058"]
[BlackElo "1939"]
[PlyCount "82"]
[EventDate "2017.10.24"]
[EventType "swiss"]
[EventRounds "9"]
[EventCountry "USA"]
[SourceTitle "EXT 2023"]
[Source "ChessBase"]
[SourceDate "2022.10.05"]
[SourceVersion "1"]
[SourceVersionDate "2022.10.05"]
[SourceQuality "1"]

1. e4 e5 2. Nf3 Nc6 3. Bc4 Bc5 4. 0-0 Nf6 5. Nc3 d6 6. h3 a6 7. a3 0-0 8. d3 h6 9. Ne2 Ne7 10. Ng3 Ng6 11. c3 Ba7 12. Be3 Be6 13. Bxe6 fxe6 14. Qb3 Qd7 15. Bxa7 Rxa7 16. d4 exd4 17. cxd4 c6 18. Qe3 Raa8 19. Rad1 Rae8 20. b4 Qf7 21. a4 Nd7 22. Ne2 Nf6 23. Ng3 Nd7 24. e5 d5 25. a5 Nf4 26. Ne1 g6 27. Nd3 Nxd3 28. Rxd3 Kh7 29. Ne2 Qe7 30. Qd2 Rf7 31. Rg3 Rg8 32. Rb1 Qh4 33. Rf1 g5 34. Qd3+ Kh8 35. Rg4 Qh5 36. f4 Rff8 37. Ng3 Qe8 38. fxg5 Rxf1+ 39. Qxf1 Rxg5 40. Rxg5 hxg5 41. Qf3 Qg6 0-1

[Event "San Francisco TNM Fall op"]
[Site "San Francisco"]
[Date "2017.11.07"]
[Round "3"]
[White "Sarafian, Greg M"]
[Black "Thornally, Frank"]
[Result "1-0"]
[WhiteElo "1939"]
[BlackElo "2048"]
[PlyCount "21"]
[EventDate "2017.10.24"]
[EventType "swiss"]
[EventRounds "9"]
[EventCountry "USA"]
[SourceTitle "EXT 2023"]
[Source "ChessBase"]
[SourceDate "2022.10.05"]
[SourceVersion "1"]
[SourceVersionDate "2022.10.05"]
[SourceQuality "1"]

1. e4 e5 2. Nf3 Nc6 3. Bc4 Nf6 4. d4 exd4 5. 0-0 Nxe4 6. Re1 d5 7. Bxd5 Qxd5 8. Nc3 Qh5 9. Nxe4 Be7 10. Bg5 0-0 11. Ng3 1-0

[Event "San Francisco Grey Memorial"]
[Site "San Francisco"]
[Date "2017.08.08"]
[Round "1"]
[White "Sarafian, Greg M"]
[Black "Enkh, Tergelsar"]
[Result "1-0"]
[WhiteElo "1952"]
[BlackElo "1404"]
[PlyCount "47"]
[EventDate "2017.08.08"]
[EventType "swiss"]
[EventRounds "9"]
[EventCountry "USA"]
[SourceTitle "EXT 2023"]
[Source "ChessBase"]
[SourceDate "2022.10.05"]
[SourceVersion "1"]
[SourceVersionDate "2022.10.05"]
[SourceQuality "1"]

1. d4 Nf6 2. Nf3 d5 3. c4 c6 4. Nc3 Bg4 5. e3 e6 6. Be2 dxc4 7. Bxc4 Bd6 8. h3 Bh5 9. a3 0-0 10. Be2 Bg6 11. Nh4 Nbd7 12. Nxg6 hxg6 13. 0-0 Qc7 14. e4 Be7 15. e5 Nd5 16. Nxd5 cxd5 17. Be3 Qb6 18. Qa4 Nb8 19. b4 a5 20. Rfc1 axb4 21. Qxa8 Na6 22. Qxf8+ Kxf8 23. Rc8+ Bd8 24. Bg5 1-0

[Event "San Francisco TNM Spring op"]
[Site "San Francisco"]
[Date "2017.04.11"]
[Round "5"]
[White "Nassif, Wassim J"]
[Black "Sarafian, Greg M"]
[Result "0-1"]
[WhiteElo "1135"]
[BlackElo "1862"]
[PlyCount "48"]
[EventDate "2017.03.14"]
[EventType "swiss"]
[EventRounds "8"]
[EventCountry "USA"]
[SourceTitle "EXT 2023"]
[Source "ChessBase"]
[SourceDate "2022.10.05"]
[SourceVersion "1"]
[SourceVersionDate "2022.10.05"]
[SourceQuality "1"]

1. e4 c5 2. Nf3 e6 3. Nc3 Nc6 4. a3 Nf6 5. Bc4 a6 6. d3 d5 7. exd5 exd5 8. Qe2+ Be7 9. Ba2 0-0 10. 0-0 Bg4 11. h3 Nd4 12. Qd1 Bxf3 13. gxf3 Qd7 14. Kg2 Qf5 15. Be3 Ne6 16. Rg1 d4 17. Bd2 dxc3 18. Bxc3 Nf4+ 19. Kf1 Nxh3 20. Rh1 Nh5 21. Qe2 Rae8 22. Qe5 Qxf3 23. Qh2 N5f4 24. Be5 Qe2# 0-1

[Event "San Francisco TNM Winter op"]
[Site "San Francisco"]
[Date "2017.01.03"]
[Round "1"]
[White "Sarafian, Greg M"]
[Black "Adams, Sophie"]
[Result "1-0"]
[WhiteElo "1833"]
[BlackElo "1492"]
[PlyCount "87"]
[EventDate "2017.01.03"]
[EventType "swiss"]
[EventRounds "8"]
[EventCountry "USA"]
[SourceTitle "EXT 2018"]
[Source "ChessBase"]
[SourceDate "2017.10.13"]
[SourceVersion "1"]
[SourceVersionDate "2017.10.13"]
[SourceQuality "1"]

1. d4 d5 2. Nf3 Nf6 3. Bg5 e6 4. Nbd2 Be7 5. e3 0-0 6. Bd3 h6 7. Bh4 b6 8. Qe2 Nbd7 9. Ne5 Nxe5 10. dxe5 Nd7 11. Bg3 Nc5 12. 0-0 Nxd3 13. Qxd3 a5 14. Rfe1 Ba6 15. Qd4 f6 16. exf6 Bxf6 17. Qg4 Bc8 18. c3 e5 19. Qh5 Qe8 20. Qd1 c6 21. e4 Bb7 22. Qb3 b5 23. a4 Kh8 24. Rad1 Rd8 25. Ra1 Qd7 26. axb5 dxe4 27. Nxe4 cxb5 28. Nc5 Qd5 29. Qxd5 Bxd5 30. Rxa5 Rc8 31. Nd7 Rfe8 32. Nxf6 gxf6 33. Rxb5 Bc4 34. Rb4 e4 35. Bf4 Kg7 36. h3 f5 37. Rb7+ Kg6 38. Ra1 Re6 39. Raa7 Rg8 40. g4 fxg4 41. hxg4 Rf6 42. Be3 h5 43. Ra5 h4 44. Rg5+ 1-0

[Event "San Francisco TNM Fall op"]
[Site "San Francisco"]
[Date "2016.11.29"]
[Round "7"]
[White "Askin, David"]
[Black "Sarafian, Greg M"]
[Result "1/2-1/2"]
[WhiteElo "1942"]
[BlackElo "1935"]
[PlyCount "91"]
[EventDate "2016.10.18"]
[EventType "swiss"]
[EventRounds "9"]
[EventCountry "USA"]
[SourceTitle "EXT 2018"]
[Source "ChessBase"]
[SourceDate "2017.10.13"]
[SourceVersion "1"]
[SourceVersionDate "2017.10.13"]
[SourceQuality "1"]

1. d4 Nf6 2. c4 c5 3. d5 b5 4. cxb5 a6 5. e3 g6 6. Nc3 Bg7 7. a4 0-0 8. e4 d6 9. Nf3 Nbd7 10. bxa6 Bxa6 11. Bxa6 Rxa6 12. Qe2 Qa8 13. Bd2 Nb6 14. b3 Rc8 15. 0-0 Nfd7 16. Rfc1 c4 17. b4 Nxa4 18. Rxa4 Rxa4 19. Nxa4 Qxa4 20. Rxc4 Rxc4 21. Qxc4 Qd1+ 22. Qf1 Qc2 23. Qe1 Nf6 24. e5 Ne4 25. exd6 exd6 26. Qc1 Qb3 27. h3 Nxd2 28. Qxd2 Bc3 29. Qg5 Qxb4 30. Qd8+ Kg7 31. Qd7 Qf4 32. Qc6 Qb4 33. g3 h6 34. h4 Qb1+ 35. Kh2 Qd3 36. Ng1 Bb4 37. Nh3 Qf1 38. Qc2 Bc5 39. Qb2+ Kh7 40. Qf6 Kg8 41. Qf4 Kg7 42. Qd2 Qc4 43. Nf4 Qd4 44. Qxd4+ Bxd4 45. Kg2 Kf6 46. Nd3 1/2-1/2

[Event "San Francisco TNM Fall op"]
[Site "San Francisco"]
[Date "2016.11.08"]
[Round "4"]
[White "Sarafian, Greg M"]
[Black "Hakobyan, Sos"]
[Result "1-0"]
[WhiteElo "1935"]
[BlackElo "1980"]
[PlyCount "85"]
[EventDate "2016.10.18"]
[EventType "swiss"]
[EventRounds "9"]
[EventCountry "USA"]
[SourceTitle "EXT 2018"]
[Source "ChessBase"]
[SourceDate "2017.10.13"]
[SourceVersion "1"]
[SourceVersionDate "2017.10.13"]
[SourceQuality "1"]

1. d4 Nf6 2. Nf3 e6 3. Bg5 d5 4. c3 b6 5. Nbd2 Bd6 6. e4 dxe4 7. Nxe4 Nbd7 8. Bd3 Bb7 9. Qe2 Be7 10. 0-0 Rc8 11. Rad1 Nxe4 12. Bxe7 Nxc3 13. bxc3 Qxe7 14. Ba6 Bxa6 15. Qxa6 Ra8 16. Qb7 Qd8 17. d5 e5 18. Nxe5 Nxe5 19. Rfe1 0-0 20. Rxe5 Qd6 21. Rde1 Rfb8 22. Qa6 Qc5 23. Qe2 g6 24. Qf3 Rd8 25. h3 f5 26. g4 fxg4 27. Qxg4 Rf8 28. R1e2 Qxc3 29. h4 Qc1+ 30. Kg2 Qf4 31. Qh3 Rf7 32. R5e4 Qf5 33. Qb3 Raf8 34. Re8 Qf3+ 35. Qxf3 Rxf3 36. R8e7 R3f7 37. R7e6 Rd8 38. R2e5 Rfd7 39. Rc6 Rxd5 40. Re7 R8d7 41. Rxc7 Rxe7 42. Rxe7 Ra5 43. Re2 1-0

[Event "San Francisco TNM Winter op"]
[Site "San Francisco"]
[Date "2016.02.23"]
[Round "8"]
[White "Sarafian, Greg M"]
[Black "Askin, Michael"]
[Result "0-1"]
[WhiteElo "1956"]
[BlackElo "2053"]
[PlyCount "80"]
[EventDate "2016.01.05"]
[EventType "swiss"]
[EventRounds "8"]
[EventCountry "USA"]
[SourceTitle "EXT 2018"]
[Source "ChessBase"]
[SourceDate "2017.10.13"]
[SourceVersion "1"]
[SourceVersionDate "2017.10.13"]
[SourceQuality "1"]

1. d4 d5 2. c4 e6 3. Nc3 Nf6 4. cxd5 exd5 5. Bg5 Be7 6. e3 0-0 7. Bd3 c6 8. Nge2 Nbd7 9. Qc2 Re8 10. 0-0 h6 11. Bh4 Ne4 12. Bxe7 Qxe7 13. Rae1 Ndf6 14. f3 Nxc3 15. Nxc3 Qb4 16. a3 Qd6 17. Qf2 Be6 18. Qg3 Qxg3 19. hxg3 Re7 20. Kf2 Ne8 21. g4 Nd6 22. Rh1 f6 23. Ne2 f5 24. g5 hxg5 25. Rh5 Nf7 26. Reh1 g6 27. R5h2 Bd7 28. Nc3 Rae8 29. Nd1 Kg7 30. Rh7+ Kf6 31. g3 Rg8 32. Nc3 Rge8 33. Nd1 Nd6 34. R7h2 f4 35. exf4 gxf4 36. g4 Nf7 37. Rh7 Ng5 38. R7h6 Rg8 39. Rh8 Rxh8 40. Rxh8 Ne6 0-1

[Event "San Francisco Leighton Memorial"]
[Site "San Francisco"]
[Date "2015.09.15"]
[Round "7"]
[White "Sarafian, Greg M"]
[Black "Melville, Cailen"]
[Result "1-0"]
[WhiteElo "1861"]
[BlackElo "1757"]
[PlyCount "49"]
[EventDate "2015.08.04"]
[EventType "swiss"]
[EventRounds "9"]
[EventCountry "USA"]
[SourceTitle "EXT 2023"]
[Source "ChessBase"]
[SourceDate "2022.10.05"]
[SourceVersion "1"]
[SourceVersionDate "2022.10.05"]
[SourceQuality "1"]

1. d4 e6 2. c4 b6 3. a3 f5 4. Nc3 Bb7 5. d5 Nf6 6. g3 Bd6 7. Bg2 Be5 8. Nh3 Na6 9. Na4 Qe7 10. d6 Bxg2 11. dxe7 Bxh1 12. f3 Bg2 13. Ng1 h5 14. Kf2 Bh1 15. h4 Ne4+ 16. fxe4 fxe4 17. Be3 Kxe7 18. Nh3 Raf8+ 19. Nf4 g5 20. hxg5 h4 21. Kg1 Rfg8 22. g4 h3 23. Kxh1 Rh4 24. Qg1 Ke8 25. Qg3 1-0

[Event "San Francisco Leighton Memorial"]
[Site "San Francisco"]
[Date "2015.09.08"]
[Round "6"]
[White "Furukawa, Jon"]
[Black "Sarafian, Greg M"]
[Result "0-1"]
[WhiteElo "1628"]
[BlackElo "1861"]
[PlyCount "76"]
[EventDate "2015.08.04"]
[EventType "swiss"]
[EventRounds "9"]
[EventCountry "USA"]
[SourceTitle "EXT 2023"]
[Source "ChessBase"]
[SourceDate "2022.10.05"]
[SourceVersion "1"]
[SourceVersionDate "2022.10.05"]
[SourceQuality "1"]

1. d4 Nf6 2. c4 e6 3. Nc3 d5 4. cxd5 exd5 5. Bg5 c6 6. Qc2 g6 7. e3 Bf5 8. Bd3 Bxd3 9. Qxd3 Bg7 10. Nf3 Nbd7 11. 0-0 0-0 12. b4 h6 13. Bh4 g5 14. Bg3 Qe7 15. b5 Ne4 16. bxc6 bxc6 17. Rab1 Nxg3 18. hxg3 Nb6 19. Qf5 Nc4 20. Rfe1 Rab8 21. Qd3 Qa3 22. Qc2 Qa5 23. Rb3 Rb6 24. Rxb6 axb6 25. Rc1 b5 26. Nd2 Re8 27. Nxc4 bxc4 28. Qa4 Qxa4 29. Nxa4 Ra8 30. Nc3 Ra3 31. Rc2 Kf8 32. g4 Ke7 33. Ne2 Kf6 34. Kf1 Kg6 35. Ng3 Bf8 36. e4 Rd3 37. exd5 cxd5 38. Ne2 Rd1# 0-1

[Event "San Francisco TNM Spring op"]
[Site "San Francisco"]
[Date "2015.04.14"]
[Round "5"]
[White "Sarafian, Greg M"]
[Black "Aquino, Pat"]
[Result "1/2-1/2"]
[WhiteElo "1943"]
[BlackElo "1514"]
[PlyCount "65"]
[EventDate "2015.03.17"]
[EventType "swiss"]
[EventRounds "8"]
[EventCountry "USA"]
[SourceTitle "EXT 2016"]
[Source "ChessBase"]
[SourceDate "2015.10.08"]
[SourceVersion "1"]
[SourceVersionDate "2015.10.08"]
[SourceQuality "1"]

1. d4 d6 2. Nf3 g6 3. g3 Bg7 4. Bg2 f5 5. 0-0 Nf6 6. Nc3 0-0 7. Bg5 Ne4 8. Be3 Nxc3 9. bxc3 c6 10. Qd2 Nd7 11. Bh6 Nf6 12. Bxg7 Kxg7 13. Ne1 Qa5 14. Nd3 Ne4 15. Bxe4 fxe4 16. Nf4 e5 17. Ng2 Bf5 18. f3 Rad8 19. Ne3 Bh3 20. Ng2 Qd5 21. Ne3 Qe6 22. Ng2 exf3 23. exf3 Qd5 24. Ne3 Qf7 25. Rf2 Rfe8 26. d5 cxd5 27. Nxd5 Rc8 28. Ne3 Red8 29. a4 Be6 30. Ng4 Kh8 31. Rb1 b6 32. Re1 Qd7 33. Nf6 1/2-1/2

[Event "San Francisco TNM Spring op"]
[Site "San Francisco"]
[Date "2015.03.31"]
[Round "3"]
[White "Sarafian, Greg M"]
[Black "Byambaa, Uyanga"]
[Result "0-1"]
[WhiteElo "1943"]
[BlackElo "2168"]
[PlyCount "84"]
[EventDate "2015.03.17"]
[EventType "swiss"]
[EventRounds "8"]
[EventCountry "USA"]
[SourceTitle "EXT 2016"]
[Source "ChessBase"]
[SourceDate "2015.10.08"]
[SourceVersion "1"]
[SourceVersionDate "2015.10.08"]
[SourceQuality "1"]

1. d4 Nf6 2. c4 g6 3. g3 Bg7 4. Nf3 0-0 5. Bg2 d6 6. 0-0 c6 7. Nc3 Qa5 8. e4 Bg4 9. h3 Bxf3 10. Bxf3 e5 11. d5 cxd5 12. cxd5 Rc8 13. Be3 Nbd7 14. a3 a6 15. b4 Qd8 16. Rc1 Nb6 17. Bxb6 Qxb6 18. Qd2 h5 19. Nd1 Qd4 20. Rxc8+ Rxc8 21. Qe2 b5 22. Ne3 Qc3 23. g4 hxg4 24. Bxg4 Rc7 25. h4 Nxe4 26. h5 Nf6 27. hxg6 fxg6 28. Be6+ Kf8 29. f4 exf4 30. Rxf4 Bh6 31. Rf3 Bxe3+ 32. Qxe3 Qxe3+ 33. Rxe3 Kg7 34. Kf2 g5 35. Kg3 Kg6 36. Rf3 Nh5+ 37. Kf2 Nf4 38. Re3 Rc2+ 39. Kf1 Kh5 40. Rf3 Rc4 41. Kf2 g4 42. Re3 Kh4 0-1

[Event "San Francisco TNM Winter op"]
[Site "San Francisco"]
[Date "2015.01.06"]
[Round "1"]
[White "Sarafian, Greg M"]
[Black "Purland, Matthew D"]
[Result "1-0"]
[WhiteElo "1894"]
[BlackElo "1464"]
[PlyCount "67"]
[EventDate "2015.01.06"]
[EventType "swiss"]
[EventRounds "8"]
[EventCountry "USA"]
[SourceTitle "EXT 2016"]
[Source "ChessBase"]
[SourceDate "2015.10.08"]
[SourceVersion "1"]
[SourceVersionDate "2015.10.08"]
[SourceQuality "1"]

1. d4 Nf6 2. c4 e6 3. Nc3 Bb4 4. e3 Nc6 5. Nf3 d5 6. Qc2 Bd7 7. Bd2 0-0 8. a3 Bxc3 9. Bxc3 Ne4 10. Bd3 f5 11. b4 g5 12. b5 Nb8 13. Bb4 Rf7 14. Ne5 Rg7 15. 0-0 c6 16. cxd5 cxd5 17. a4 a5 18. Ba3 b6 19. g4 fxg4 20. Bxe4 dxe4 21. Qxe4 Ra7 22. Rac1 Rc7 23. Rxc7 Qxc7 24. Rc1 Qd8 25. Qxg4 Qe8 26. Qe4 Bc8 27. Nc6 Bb7 28. d5 Nd7 29. Qxe6+ Qf7 30. Qxf7+ Kxf7 31. Nd8+ Ke8 32. Nxb7 Ne5 33. Nd6+ Kd7 34. Kg2 1-0

[Event "San Francisco TNM Fall op"]
[Site "San Francisco"]
[Date "2014.12.09"]
[Round "7"]
[White "Cohee, James"]
[Black "Sarafian, Greg M"]
[Result "0-1"]
[WhiteElo "1660"]
[BlackElo "1926"]
[PlyCount "44"]
[EventDate "2014.10.21"]
[EventType "swiss"]
[EventRounds "8"]
[EventCountry "USA"]
[SourceTitle "EXT 2016"]
[Source "ChessBase"]
[SourceDate "2015.10.08"]
[SourceVersion "1"]
[SourceVersionDate "2015.10.08"]
[SourceQuality "1"]

1. Nf3 Nf6 2. g3 d6 3. Bg2 Nbd7 4. d4 e5 5. dxe5 dxe5 6. 0-0 Bc5 7. e3 0-0 8. c4 Qe7 9. Qc2 c6 10. b3 a5 11. a3 Bb6 12. Bb2 Bc7 13. Nbd2 Re8 14. e4 c5 15. Rad1 Nb8 16. Nb1 Nc6 17. Nc3 Bg4 18. Nd5 Nxd5 19. cxd5 Nd4 20. Bxd4 cxd4 21. Rc1 Bd6 22. Qb2 Bxa3 0-1

[Event "San Francisco TNM Fall op"]
[Site "San Francisco"]
[Date "2014.12.02"]
[Round "6"]
[White "Standen, Julian"]
[Black "Sarafian, Greg M"]
[Result "0-1"]
[WhiteElo "1652"]
[BlackElo "1926"]
[PlyCount "80"]
[EventDate "2014.10.21"]
[EventType "swiss"]
[EventRounds "8"]
[EventCountry "USA"]
[SourceTitle "EXT 2016"]
[Source "ChessBase"]
[SourceDate "2015.10.08"]
[SourceVersion "1"]
[SourceVersionDate "2015.10.08"]
[SourceQuality "1"]

1. d4 Nf6 2. Nf3 d5 3. e3 c5 4. c3 e6 5. Bd3 Nc6 6. Nbd2 Bd6 7. 0-0 0-0 8. Qe2 e5 9. dxe5 Nxe5 10. Nxe5 Bxe5 11. h3 Re8 12. Nf3 Bc7 13. Rd1 Qe7 14. b3 Ne4 15. Bb2 Bf5 16. c4 dxc4 17. Bxc4 Ng5 18. Rd5 Nxf3+ 19. Qxf3 Be6 20. Rd3 Bxc4 21. bxc4 Rad8 22. Rad1 Rxd3 23. Rxd3 Rd8 24. Rd5 Rxd5 25. Qxd5 Qd6 26. Qxd6 Bxd6 27. e4 f6 28. f3 Kf7 29. Kf2 Ke6 30. g4 g5 31. Ke3 Be5 32. Ba3 Bd4+ 33. Kd3 a6 34. Bc1 b5 35. Bd2 b4 36. Kc2 Ke5 37. Kb3 a5 38. Ka4 h6 39. Kxa5 Bc3 40. Bc1 b3+ 0-1

[Event "San Francisco TNM Fall op"]
[Site "San Francisco"]
[Date "2014.11.04"]
[Round "3"]
[White "Sarafian, Greg M"]
[Black "Oyuntseren, Togtokh"]
[Result "1-0"]
[WhiteElo "1926"]
[BlackElo "1561"]
[PlyCount "95"]
[EventDate "2014.10.21"]
[EventType "swiss"]
[EventRounds "8"]
[EventCountry "USA"]
[SourceTitle "EXT 2016"]
[Source "ChessBase"]
[SourceDate "2015.10.08"]
[SourceVersion "1"]
[SourceVersionDate "2015.10.08"]
[SourceQuality "1"]

1. d4 d5 2. c4 c6 3. Nf3 Nf6 4. Nc3 Nbd7 5. e3 b6 6. Bd3 e6 7. 0-0 Be7 8. e4 dxe4 9. Nxe4 Bb7 10. Bg5 Nxe4 11. Bxe7 Qxe7 12. Bxe4 Nf6 13. Bc2 0-0-0 14. Qe2 h6 15. Rfd1 Rhe8 16. a3 Qc7 17. b4 g5 18. Ne5 Re7 19. h3 Nd7 20. Nf3 f6 21. c5 b5 22. a4 Ba6 23. Bd3 Qb7 24. axb5 Bxb5 25. Bxb5 Qxb5 26. Qxb5 cxb5 27. Rxa7 Rde8 28. Rda1 Nb8 29. Rxe7 Rxe7 30. Ra5 Rb7 31. d5 exd5 32. Nd4 Kd7 33. Ra8 h5 34. Kh2 Kc7 35. Kg3 Nc6 36. Nxc6 Kxc6 37. Ra6+ Kc7 38. Rxf6 Rb8 39. Rd6 Rd8 40. Rxd8 Kxd8 41. Kf3 Ke7 42. Ke3 Kd7 43. Kd4 Ke6 44. g3 g4 45. h4 Kd7 46. Kxd5 Kc7 47. Ke6 Kc6 48. Ke5 1-0

[Event "San Francisco TNM Winter op"]
[Site "San Francisco"]
[Date "2014.02.11"]
[Round "6"]
[White "Sarafian, Greg M"]
[Black "Winslow, Elliott C"]
[Result "0-1"]
[WhiteElo "1862"]
[BlackElo "2281"]
[PlyCount "87"]
[EventDate "2014.01.07"]
[EventType "swiss"]
[EventRounds "8"]
[EventCountry "USA"]
[SourceTitle "EXT 2016"]
[Source "ChessBase"]
[SourceDate "2015.10.08"]
[SourceVersion "1"]
[SourceVersionDate "2015.10.08"]
[SourceQuality "1"]

1. d4 Nf6 2. c4 g6 3. g3 Bg7 4. Bg2 0-0 5. Nc3 d6 6. Nf3 Nbd7 7. e4 e5 8. h3 c6 9. 0-0 a5 10. Qc2 Re8 11. Be3 exd4 12. Bxd4 Qe7 13. Rfe1 Ne5 14. Nd2 Be6 15. b3 Qd7 16. f4 Bxh3 17. fxe5 dxe5 18. Bf2 Bxg2 19. Kxg2 Ng4 20. Nf1 f5 21. Rad1 Qe6 22. Ne3 Nh6 23. c5 f4 24. Nf1 Rf8 25. Nh2 g5 26. Qe2 Nf7 27. Qg4 Qg6 28. Qf5 Qxf5 29. exf5 h5 30. g4 Nh6 31. Ne4 hxg4 32. Bg1 Rxf5 33. Rd7 g3 34. Nf3 g4 35. Nfg5 Bf6 36. Nxf6+ Rxf6 37. Rxe5 Nf5 38. Ne4 Nh4+ 39. Kf1 g2+ 40. Ke2 Rg6 41. Bd4 Nf3 42. Nf6+ Rxf6 43. Rg5+ Nxg5 44. Bxf6 0-1

[Event "San Francisco TNM Fall op"]
[Site "San Francisco"]
[Date "2013.11.12"]
[Round "4"]
[White "Sarafian, Greg M"]
[Black "Winslow, Elliott C"]
[Result "1-0"]
[WhiteElo "1827"]
[BlackElo "2280"]
[PlyCount "67"]
[EventDate "2013.10.22"]
[EventType "swiss"]
[EventRounds "9"]
[EventCountry "USA"]
[SourceTitle "EXT 2016"]
[Source "ChessBase"]
[SourceDate "2015.10.08"]
[SourceVersion "1"]
[SourceVersionDate "2015.10.08"]
[SourceQuality "1"]

1. d4 Nf6 2. c4 e6 3. a3 c5 4. e3 d5 5. Nc3 Nc6 6. Nf3 cxd4 7. exd4 Be7 8. Bd3 dxc4 9. Bxc4 0-0 10. 0-0 b6 11. Bf4 Na5 12. Ba2 Ba6 13. Re1 Rc8 14. Rc1 Bc4 15. Bb1 Nb3 16. Rc2 Nd5 17. Nxd5 Bxd5 18. Qd3 g6 19. Bh6 Re8 20. Ne5 f5 21. Qg3 Bd6 22. Bg5 Bxe5 23. dxe5 Qd7 24. Rd1 Nc5 25. Rcd2 Qa4 26. Rd4 Qb5 27. b4 Ne4 28. Bxe4 Bxe4 29. h4 Bd5 30. h5 Qe2 31. hxg6 hxg6 32. Bf6 Kf7 33. Qh3 Qh5 34. Rh4 1-0

[Event "San Francisco TNM Fall op"]
[Site "San Francisco"]
[Date "2013.10.29"]
[Round "2"]
[White "Sarafian, Greg M"]
[Black "Grey, Peter G"]
[Result "1/2-1/2"]
[WhiteElo "1827"]
[BlackElo "2000"]
[PlyCount "49"]
[EventDate "2013.10.22"]
[EventType "swiss"]
[EventRounds "9"]
[EventCountry "USA"]
[SourceTitle "EXT 2016"]
[Source "ChessBase"]
[SourceDate "2015.10.08"]
[SourceVersion "1"]
[SourceVersionDate "2015.10.08"]
[SourceQuality "1"]

1. d4 Nf6 2. c4 g6 3. g3 Bg7 4. Bg2 0-0 5. Nc3 d6 6. Nf3 Nc6 7. e4 Bg4 8. h3 Bxf3 9. Bxf3 e5 10. Ne2 exd4 11. Nxd4 Nxd4 12. Qxd4 Nxe4 13. Qd1 Re8 14. 0-0 Qd7 15. Bg4 Qc6 16. Qd5 Qxd5 17. cxd5 f5 18. Bf3 Bd4 19. Kg2 Bb6 20. Be3 Bc5 21. Bxe4 Bxe3 22. Bxf5 gxf5 23. fxe3 Rxe3 24. Rxf5 Re2+ 25. Rf2 1/2-1/2

[Event "San Francisco TNM Spring op"]
[Site "San Francisco"]
[Date "2013.03.19"]
[Round "1"]
[White "Sarafian, Greg M"]
[Black "Rubandhas, Samprabhu"]
[Result "1-0"]
[WhiteElo "1815"]
[BlackElo "1333"]
[PlyCount "101"]
[EventDate "2013.03.19"]
[EventType "swiss"]
[EventRounds "8"]
[EventCountry "USA"]
[SourceTitle "EXT 2016"]
[Source "ChessBase"]
[SourceDate "2015.10.08"]
[SourceVersion "1"]
[SourceVersionDate "2015.10.08"]
[SourceQuality "1"]

1. d4 d5 2. c4 e6 3. Nc3 c6 4. e3 Nf6 5. Nf3 Bb4 6. Qc2 0-0 7. Bd3 h6 8. Bd2 dxc4 9. Bxc4 Nbd7 10. 0-0 Nb6 11. Be2 Bd6 12. e4 Be7 13. Rfd1 Qc7 14. Rac1 Nbd7 15. e5 Nd5 16. Nxd5 exd5 17. Be3 f5 18. Bd3 Nb6 19. a3 Be6 20. b4 a6 21. Ra1 Nc4 22. Bc1 Qd7 23. Nd2 b5 24. Nb3 Qe8 25. f4 Qh5 26. Be2 Qg6 27. Qd3 h5 28. Qf3 Qg4 29. Qf2 Qg6 30. Be3 h4 31. Rdc1 h3 32. g3 Kf7 33. Bf3 Rh8 34. Qe2 Rac8 35. Bf2 Rh4 36. Kh1 Rhh8 37. Nc5 Bxc5 38. dxc5 Qh6 39. Be3 Rhg8 40. a4 Ra8 41. Rc2 Ra7 42. axb5 cxb5 43. Rca2 Rga8 44. c6 Qh8 45. Bxa7 Rxa7 46. Rxa6 Re7 47. Ra8 Bc8 48. Bxd5+ Kg6 49. Bxc4 bxc4 50. Qxc4 Be6 51. Qxe6+ 1-0